Comparative evaluation of the efficacy of microneedling approach with a combination of Vitamin-C and Diode laser alone in the management of Gingival hyperpigmentation (Record no. 31581)

MARC details
000 -LEADER
fixed length control field 00468nam a22001337a 4500
003 - CONTROL NUMBER IDENTIFIER
control field SGT
082 ## - DEWEY DECIMAL CLASSIFICATION NUMBER
Classification number 617.632
Item number C25B
100 ## - MAIN ENTRY--PERSONAL NAME
Personal name Bhambhu, Chetna
245 ## - TITLE STATEMENT
Title Comparative evaluation of the efficacy of microneedling approach with a combination of Vitamin-C and Diode laser alone in the management of Gingival hyperpigmentation
Remainder of title A split mouth study
260 ## - PUBLICATION, DISTRIBUTION, ETC. (IMPRINT)
Place of publication, distribution, etc Gurugram, Haryana
Name of publisher, distributor, etc SGT University
Year of Publication 2025
300 ## - PAGE DESCRIPTION
No. of Pages 84
650 ## - SUBJECT ADDED ENTRY--TOPICAL TERM
Topical term or geographic name as entry element Periodontology
942 ## - ADDED ENTRY ELEMENTS (KOHA)
Source of classification or shelving scheme Dewey Decimal Classification
Koha item type Thesis/Dissertation
Holdings
Withdrawn status Lost status Source of classification or shelving scheme Damaged status Use restrictions Not for loan Home library Current library Date acquired SGTU Total Checkouts Full call number Accession No. (Barcode) Date last seen Bill Date Koha item type
    Dewey Decimal Classification   Restricted Access Not For Loan SGT Dental Library SGT Dental Library 27/06/2025 SGTU   617.632 C25B DT2278 27/06/2025 27/06/2025 Thesis/Dissertation